000 00486nam a2200169 i 4500
001 27137
003 ES-MaACL
005 20250107063048.0
007 t|
008 030113s1900 sp ||||1| spa d
100 1 _aAyza y Maquén, Román.
_924209
245 1 0 _aTrigonometría rectilínea y esférica /
_cRomán Ayza y Maquén.
260 _aValencia :
_b[s.n.,
_c1900] (
_fImp. Manuel de Alofre)
852 _aES-MaACL
_jT-1246-F-2
942 _2udc
999 _c27137
_d27137